| 000 | 01511nam a2200373 a 4500 | ||
|---|---|---|---|
| 001 | vtls003194267 | ||
| 003 | MY-SjTCS | ||
| 005 | 20200306164526.0 | ||
| 006 | m u | ||
| 007 | cr cn||||||||| | ||
| 008 | 100712s2005 quc sb 001 0 eng d | ||
| 010 | _z 2006-286473 | ||
| 015 |
_aGBA531199 _2bnb |
||
| 016 | _z20059005742 | ||
| 016 | 7 |
_z013174855 _2Uk |
|
| 020 | _z0773528997 (acid-free paper) | ||
| 035 | _a(CaPaEBR)ebr10178212 | ||
| 039 | 9 |
_y201007121648 _zVLOAD |
|
| 040 |
_aCaPaEBR _cCaPaEBR |
||
| 050 | 1 | 4 |
_aPS2644 _b.Z56 2005eb |
| 082 | 0 | 4 |
_a811/.3 _222 |
| 100 | 1 |
_aZimmerman, Brett, _d1958- _9253768 |
|
| 245 | 1 | 0 |
_aEdgar Allan Poe _h[electronic resource] : _brhetoric and style / _cBrett Zimmerman. |
| 260 |
_aMontreal ; _aIthaca : _bMcGill-Queen's University Press, _cc2005. |
||
| 300 |
_axxii, 408 p. ; _c24 cm. |
||
| 504 | _aIncludes bibliographical references (p. [375]-386) and index. | ||
| 529 | _aTSLHHL | ||
| 533 |
_aElectronic reproduction. _bPalo Alto, Calif. : _cebrary, _d2007. _nAvailable via World Wide Web. _nAccess may be limited to ebrary affiliated libraries. |
||
| 600 | 1 | 0 |
_aPoe, Edgar Allan, _d1809-1849 _xLiterary style. _9253769 |
| 600 | 1 | 0 |
_aPoe, Edgar Allan, _d1809-1849 _xTechnique. _9253770 |
| 655 | 7 |
_aElectronic books. _2local _9201578 |
|
| 710 | 2 |
_aebrary, Inc. _925628 |
|
| 856 | 4 | 0 |
_uhttps://ezproxy.taylors.edu.my/login?url=http://site.ebrary.com/lib/taylorscollege/Doc?id=10178212 _zAn electronic book accessible through the World Wide Web; click to view |
| 999 | _c50370 | ||